000 00342nam a2200145Ia 4500
005 20251222143221.0
008 251222s9999||||xx |||||||||||||| ||spa||
020 _a8484073224
082 _a922.22/V62
100 _aVicaire, Humbert-Marie.
245 0 _aHistoria de Santo Domingo
250 _a1ra.ed.
264 _bEdibesa
942 _cLIB
999 _c13809
_d13809